Vplyv fiškálnej decentralizácie na rozpočet samosprávnych krajov dizertačná práca

Gespeichert in:
Bibliographische Detailangaben
1. Verfasser: Synčáková, Lucia
Körperschaft: Národohospodárska fakulta EU. Katedra verejnej správy a regionálneho rozvoja
Weitere Verfasser: Belica, Milan
Format: Buch
Sprache:Slowakisch
Veröffentlicht: Bratislava 2009
Schlagworte:
Tags: Tag hinzufügen
Keine Tags, Fügen Sie das erste Tag hinzu!

MARC

LEADER 00000nam$a2200000$$$4500
001 0109952
005 20221207101402.8
041 0 |a slo 
044 |a SK 
245 1 0 |a Vplyv fiškálnej decentralizácie na rozpočet samosprávnych krajov  |b dizertačná práca  |c Lucia Synčáková ; škol. Milan Belica 
264 1 |a Bratislava  |c 2009 
300 |a 128 s. 
610 2 0 |a politika fiškálna 
610 2 0 |a decentralizácia 
610 2 0 |a rozpočty 
610 2 0 |a samospráva 
610 2 0 |a financie verejné 
100 1 |a Synčáková, Lucia 
700 1 |a Belica, Milan 
710 2 |a Národohospodárska fakulta EU. Katedra verejnej správy a regionálneho rozvoja